01463nam a2200361Ia 4500001001200000003000800012006001900020007001500039008004100054010001700095020002500112020003100137040002100168035002100189050002500210082001800235100001800253245016200271260004300433300002600476490003200502504005100534533015200585650005600737650003000793650003400823650002600857655002900883700002700912710001700939856012600956999001901082ebr10309173CaPaEBRm u cr cn|||||||||090603s2009 dcua sb i001 0 eng d z 2009020114 z9780821379400 (pbk.) z9780821380123 (electronic) aCaPaEBRcCaPaEBR a(OCoLC)56064319814aTD195.W3bH57 2009eb04a333.91/142221 aHirji, Rafik.10aEnvironmental flows in water resources policies, plans, and projectsh[electronic resource] :bfindings and recommendations /cRafik Hirji and Richard Davis. aWashington, D.C. :bWorld Bank,c2009. axviii, 189 p. :bill.0 aEnvironment and development aIncludes bibliographical references and index. aElectronic reproduction.bPalo Alto, Calif. :cebrary,d2009.nAvailable via World Wide Web.nAccess may be limited to ebrary affiliated libraries. 0aWater resources developmentxEnvironmental aspects. 0aWater-supplyxManagement. 0aIntegrated water development. 0aEnvironmental policy. 7aElectronic books.2local1 aDavis, Richard,d1948-2 aebrary, Inc.40uhttp://site.ebrary.com/lib/rucke/Doc?id=10309173zAn electronic book accessible through the World Wide Web; click to view c175035d175035